Science Quiz

Random Science or Animal Quiz

World's Cutest Animals Quiz Stats

 Plays Quiz Updated Jun 4, 2018

Challenge
Share
Tweet
Score 0/20 Timer 05:00
3 Plays Today
Cute Animal % Correct
Sea Turtle
97.2%
Gray Wolf
96.5%
Bottlenose Dolphin
96.5%
Goat
96.1%
Northern Saw-whet Owl
95.7%
Sea Otter
95.6%
Koala
95.5%
Harp Seal
94.8%
Three-toed Sloth
92.4%
Ruby-throated Hummingbird
91.2%
Cute Animal % Correct
African Pygmy Hedgehog
90.7%
Meerkat
81.4%
Red Panda
77.5%
Fennec Fox
70.1%
Bearded Tamarin Monkey
62.3%
Wombat
51.1%
White-spotted Pufferfish
50.4%
Little Blue Penguin
45.7%
Mandarin Duck
44.1%
Slow Loris
17.2%

You're not logged in!

Compare scores with friends on all Sporcle quizzes.
Join for Free
OR
Log In

You Might Also Like...

Show Comments

Extras

Top Quizzes Today


Score Distribution

Your Account Isn't Verified!

In order to create a playlist on Sporcle, you need to verify the email address you used during registration. Go to your Sporcle Settings to finish the process.

Report this User

Report this user for behavior that violates our Community Guidelines.

Details: